Sports Quiz

Random Sports Quiz

Ashes Winning Squad Quiz Stats

Quiz not verified by Sporcle

Challenge
Share
Tweet
Embed
Score 0/15 Timer 05:00
0 Plays Today
% Correct
Andrew Strauss
96.9%
Andrew Flintoff
95.4%
Alistair Cook
91.6%
Kevin Pietersen
90.8%
Stuart Broad
90.1%
James Anderson
90.1%
Matt Prior
87.8%
Graeme Swann
87%
% Correct
Ian Bell
86.3%
Paul Collingwood
86.3%
Monty Panesar
84.7%
Jonathan Trott
81.7%
Ravinder Bopara
77.1%
Graham Onions
72.5%
Steve Harmison
71.8%

You're not logged in!

Compare scores with friends on all Sporcle quizzes.
Join for Free
OR
Log In

You Might Also Like...

Show Comments

Extras

Created Sep 28, 2009SourceReportNominate
Tags:2009, English, squad, winner, winning

Top Quizzes Today


Score Distribution

Your Account Isn't Verified!

In order to create a playlist on Sporcle, you need to verify the email address you used during registration. Go to your Sporcle Settings to finish the process.

Report this User

Report this user for behavior that violates our Community Guidelines.

Details: